Authors by Picture - Statistics

General Stats
  • This quiz has been taken 165 times
  • The average score is 9 of 14
Answer Stats
Picture Answer % Correct
William Shakespeare
96%
J.K. Rowling
90%
Edgar Allan Poe
89%
Stephen King
88%
Virginia Woolf
86%
Ernest Hemingway
79%
Homer
76%
Fyodor Dostoevsky
66%
Dante Alighieri
64%
Albert Camus
41%
Gabriel García Márquez
41%
Johann Wolfgang von Goethe
25%
Haruki Murakami
19%
Paulo Coelho
13%
No matching quizzes found
Score Distribution
Percent of People with Each Score
Percentile by Number Answered
Your Score History
You have not taken this quiz